Pays d'origine du club de foot #2 - Statistiques

Statistiques générales
  • Ce quiz a été pris 149 fois
  • Le résultat moyen est 12 sur 12
Statistiques - réponses
Par images Hint Réponse % Correct
Paris Saint-Germain Football Club France
100%
Futbol Club Barcelona Espagne
99%
New York City Football Club États-unis
99%
Association sportive de Saint-Étienne France
99%
Juventus Football Club Italie
99%
CSKA Moscou Russie
99%
Royal Sporting Club Anderlecht Belgique
98%
Al-Nassr Football Club Arabie saoudite
97%
RB Leipzig Allemagne
96%
Chakhtar Donetsk Ukraine
92%
Football Club Bâle Suisse
90%
Club Atlético Independiente Argentine
89%
Aucun quiz correspondant
Distribution des résultats
% des personnes avec chaque résultat
Percentile par nombre de réponses
Votre historique - résultats
Vous n’avez pas pris ce quiz